<?xml version="1.0" encoding="UTF-8"?>
<collection xmlns="http://www.loc.gov/MARC21/slim">
    <record>
        <controlfield tag="001">11563</controlfield>
        <controlfield tag="005">20150325140222.0</controlfield>
        <datafield tag="037" ind1=" " ind2=" ">
            <subfield code="a">TAZ-TFG-2013-608</subfield>
        </datafield>
        <datafield tag="041" ind1=" " ind2=" ">
            <subfield code="a">spa</subfield>
        </datafield>
        <datafield tag="100" ind1="1" ind2=" ">
            <subfield code="a">Sémper Hernández, Miriam</subfield>
        </datafield>
        <datafield tag="245" ind1="0" ind2="0">
            <subfield code="a">Programa de adiestramiento de AVD en entornos comunitarios para personas con esclerosis múltiple</subfield>
        </datafield>
        <datafield tag="260" ind1=" " ind2=" ">
            <subfield code="a">Zaragoza</subfield>
            <subfield code="b">Universidad de Zaragoza</subfield>
            <subfield code="c">2013</subfield>
        </datafield>
        <datafield tag="506" ind1=" " ind2=" ">
            <subfield code="a">by-nc-sa</subfield>
            <subfield code="b">Creative Commons</subfield>
            <subfield code="c">3.0</subfield>
            <subfield code="u">http://creativecommons.org/licenses/by-nc-sa/3.0/</subfield>
        </datafield>
        <datafield tag="520" ind1=" " ind2=" ">
            <subfield code="a">La esclerosis múltiple (EM) es una enfermedad desmielinizante del sistema nervioso central. Es progresiva y actualmente es la segunda causa de discapacidad en adultos jóvenes, de ahí la importancia de realizar investigaciones acerca de su tratamiento, tanto farmacológico como no farmacológico. El presente trabajo propone un programa de intervención que aumente el desempeño en las actividades de la vida diaria (AVD) para así lograr una mayor autonomía personal y construir un entorno terapéutico. El programa está confeccionado para llevarlo a cabo en los entornos domiciliarios y comunitarios de 10 personas que participan en los programas de rehabilitación de la Fundación Aragonesa de Esclerosis Múltiple (FADEMA). Se ha trabajado basándonos en el marco rehabilitador y haciendo uso del marco de trabajo para la práctica de la terapia ocupacional propuesto por la Asociación Americana de Terapia Ocupacional. El programa tiene una duración total de 6 meses. Primero se realizó una evaluación a cada uno de los usuarios. Con los resultados obtenidos pudimos establecer sus necesidades para posteriormente elaborar los talleres específicos que tratarán estas necesidades. El programa está diseñado para que al acabar la realización de los talleres se lleve a cabo una valoración del mismo. Esta valoración la hemos dividido en tres apartados: evaluación del proceso, evaluación de resultados y evaluación de la satisfacción de los participantes. Vemos necesario la implementación del programa y el aumento de investigaciones en terapia ocupacional en el campo de la esclerosis múltiple para poder afirmar, haciendo uso de la evidencia científica, que la terapia ocupacional es útil para este tipo de pacientes.</subfield>
        </datafield>
        <datafield tag="521" ind1=" " ind2=" ">
            <subfield code="a">Graduado en Terapia Ocupacional</subfield>
        </datafield>
        <datafield tag="540" ind1=" " ind2=" ">
            <subfield code="a">Derechos regulados por licencia Creative Commons</subfield>
        </datafield>
        <datafield tag="653" ind1="1" ind2=" ">
            <subfield code="a">terapia ocupacional</subfield>
        </datafield>
        <datafield tag="653" ind1="1" ind2=" ">
            <subfield code="a">esclerosis múltipl</subfield>
        </datafield>
        <datafield tag="653" ind1="1" ind2=" ">
            <subfield code="a">AVD</subfield>
        </datafield>
        <datafield tag="653" ind1="1" ind2=" ">
            <subfield code="a">programa</subfield>
        </datafield>
        <datafield tag="700" ind1=" " ind2=" ">
            <subfield code="a">Bellido Mainar, José Ramón</subfield>
            <subfield code="e">dir.</subfield>
        </datafield>
        <datafield tag="710" ind1="2" ind2=" ">
            <subfield code="a">Universidad de Zaragoza</subfield>
            <subfield code="b">Fisiatría y Enfermería</subfield>
            <subfield code="c">Fisioterapia</subfield>
        </datafield>
        <datafield tag="856" ind1="0" ind2=" ">
            <subfield code="f">612497@celes.unizar.es</subfield>
        </datafield>
        <datafield tag="856" ind1="4" ind2=" ">
            <subfield code="s">500858</subfield>
            <subfield code="u">http://zaguan.unizar.es/record/11563/files/TAZ-TFG-2013-608_ANE.pdf</subfield>
            <subfield code="y">Anexos (spa)</subfield>
        </datafield>
        <datafield tag="856" ind1="4" ind2=" ">
            <subfield code="s">632355</subfield>
            <subfield code="u">http://zaguan.unizar.es/record/11563/files/TAZ-TFG-2013-608.pdf</subfield>
            <subfield code="y">Memoria (spa)</subfield>
        </datafield>
        <datafield tag="909" ind1="C" ind2="O">
            <subfield code="o">oai:zaguan.unizar.es:11563</subfield>
            <subfield code="p">trabajos-fin-grado</subfield>
            <subfield code="p">driver</subfield>
        </datafield>
        <datafield tag="950" ind1=" " ind2=" ">
            <subfield code="a"></subfield>
        </datafield>
        <datafield tag="980" ind1=" " ind2=" ">
            <subfield code="a">TAZ</subfield>
            <subfield code="b">TFG</subfield>
            <subfield code="c">EUCS</subfield>
        </datafield>
    </record>

    
</collection>